| 000 | 00622nam a22001933a 4500 | ||
|---|---|---|---|
| 005 | 20220810150902.0 | ||
| 008 | 010924s1997 es r 000 0 spa d | ||
| 020 | _a8425420466 | ||
| 035 | _aUPN01000111961 | ||
| 049 | _aCG | ||
| 050 | 4 |
_aBF203 _bC3.3 1997 |
|
| 100 | 1 |
_aCastanedo Secadas, Celedonio _932043 |
|
| 245 | 1 | 0 |
_aGrupos de encuentro en terapia Gestalt : _bde la "silla vacía" al círculo gestáltico / _cCeledonio Castanedo Secadas. |
| 250 | _a2a ed. rev., actual. y ampl. | ||
| 260 |
_aBarcelona, Esp. : _bHerder, _c1997. |
||
| 300 |
_a342 p. : _bil. |
||
| 650 | 4 |
_aPsicología Gestalt _9225 |
|
| 905 | _aLibro | ||
| 999 |
_c85869 _d85869 |
||